Zákazka na audit účtovnej závierky a zákazka na preverenie – špecifiká a rozdiely diplomová práca

Uložené v:
Podrobná bibliografia
Hlavný autor: Skalková, Adriána
Korporativný autor: Fakulta hospodárskej informatiky EU. Katedra účtovníctva a audítorstva
Ďalší autori: Krišková, Petra, 1981-
Médium: Kniha
Jazyk:Slovak
Vydavateľské údaje: Bratislava 2020
Tagy: Pridať tag
Žiadne tagy, Buďte prvý, kto otaguje tento záznam!

MARC

LEADER 00000nbm a2200000 4500
001 0266772
005 20210501141703.7
041 0 |a slo 
044 |a SK 
245 1 0 |a Zákazka na audit účtovnej závierky a zákazka na preverenie – špecifiká a rozdiely  |b diplomová práca  |c Adriána Skalková ; školiteľ: Petra Krišková 
264 1 |a Bratislava  |c 2020 
300 |a 54 s. 
100 1 |a Skalková, Adriána 
700 1 |a Krišková, Petra, 1981- 
710 2 |a Fakulta hospodárskej informatiky EU. Katedra účtovníctva a audítorstva